Invent and wander: The collected writings of Jeff Bezos (Record no. 3259)

MARC details
000 -LEADER
fixed length control field 00484nam a2200169Ia 4500
008 - FIXED-LENGTH DATA ELEMENTS--GENERAL INFORMATION
fixed length control field 230917s9999||||xx |||||||||||||| ||und||
020 ## - ISBN
Price RS 999.00
040 ## - CATALOGING SOURCE
-- 5008326
Original cataloging agency VIVEKANANDA LIBRARY
041 ## - Language
-- English
082 ## - DDC NUMBER
Classification number 381.45002 B469I
100 ## - MAIN ENTRY--PERSONAL NAME
Personal name Bezos, Jeff
245 #0 - TITLE STATEMENT
Title Invent and wander: The collected writings of Jeff Bezos
260 ## - PUBLICATION, DISTRIBUTION, ETC. (IMPRINT)
Place of publication, distribution, etc Boston
Name of publisher, distributor, etc Harvard Business Review Press
Date of publication, distribution, etc 2021
300 ## - PHYSICAL DESCRIPTION
Pages 270 p.
500 ## - GENERAL NOTE
General note 4169 03/11/2021 PMI22/85 10/11/2021 Main Budget
942 ## - ADDED ENTRY ELEMENTS (KOHA)
Koha item type Books
Holdings
Withdrawn status Lost status Damaged status Not for loan Location (home branch) Sublocation or collection (holding branch) Date acquired Koha issues (times borrowed) Koha full call number Accession No. Koha date last seen Koha item type
        VIVEKANANDA LIBRARY VIVEKANANDA LIBRARY 28/01/2022   381.45002 B469I 393566 17/09/2023 Books
© Designed and Maintained by Vivekananda Library, MDU Rohtak